| 000 | 00592nam a2200217 a 4500 | ||
|---|---|---|---|
| 005 | 20140310183449.0 | ||
| 008 | 081212s19uu xx 00 eng d | ||
| 020 | _a9780071263115 | ||
| 050 |
_aHF 5635 _b.Sp754 2007 |
||
| 100 | _aSpiceland, David J. | ||
| 245 |
_aIntermediate accounting / _cDavid J. Spiceland. |
||
| 250 | _a4th ed. | ||
| 260 |
_aBoston : _bMcGraw-Hill, _c2007. |
||
| 300 |
_a1202 p. : _bill. col. ; _c29 cm. |
||
| 521 | _aBSA | ||
| 650 | _aAccounting. | ||
| 700 | _aSepe, James F. | ||
| 700 | _aTommassini, Lawrence A. | ||
| 942 |
_cBK _2lcc _kFOR |
||
| 999 |
_c23343 _d23343 |
||